00680 2200241 4500001002100000005001700021008004100038020001800079035002400097082001100121090001800132100001500150245008400165250001600249260003400265300003100299650004200330700001600372850001500388980001400403985000600417999001500423YOGYA-0209000002561820090227023950.0 ind  a979-533-209-0 0010-020900000025618 a006.81 a006.81bHar D aHARIANTO K aDbase III+, Foxbase+ multi userblocal area networkcHarianto K dan Pangestu EN aEd.4, cet.1 aYogyakartabAndi Offsetc1996 axxii, 445 hlmbilusc23 cm aLocal area network (Program jaringan) aPangestu EN aYOPDYOG(B) a5-12-2006 a1 a06A0018020